00718nam a22002057a 450000500170000001000150001702000270003203500150005903700130007408200160008710000260010324500660012926000250019527000440022030000210026470000370028594200300032299900190035295201410037120240301154438.0 aENG-139100 a9788189323004c2000.00 aEN- 122632 bDBAD/PUB a741.6740954 aRay, Satyajit 962715 aThe vision of ray:bcine posters and beyond/cBy Satyajit Ray aKolkata bPratikshan a12B Beliaghata Road, bKolkata e700015 a328p.c28 cm(Hb) aSatyajit Ray & Sandip Ray961473 2ddccENmRAYh741.6740954 c200462d200462 001040718REFaZLSbZLSd2024-01-31eDBAD/PUBg2000.00l0oRAY 741.6740954pEN-122632r2024-01-31 00:00:00t1v2000.00w2024-01-31yEN